00582nam a22001575i 4500001000700000003000900007005001700016008004100033100002600074245013700100260004200237300002100279650002500300700003300325852006600358169906ES-MaACL20250522163655.0081217s1920 fr |||| | fre d0 aMaeterlinck, Maurice.10aPelléas et Mélisande b: drame lyrique en cinq actes / ctiré du théatre de Maurice Maeterlinck ; musique de Claude Debussy. aParis : bEugène Fasquelle, c1920. a72 p. ; c19 cm.14aÓperas-vLibretos.1 aDebussy, Claude, d1862-1918 aES-MaACLj2245-F-6 z.- Biblioteca Jacinto Martínez Lacalle